000 00574cam a2200205 4500
001 J62296
008 000000n1999 000 0 eng u
035 _a(Sirsi) u109261
041 _aeng
050 _a690.241
110 _aRoyal Institution of Chartered Surveyors
_94900
245 _aRICS awards 1999
260 _aLondon
_bRICS
_c1999
300 _a35p. : ill. ; 30x30cm.
350 _a0
650 _aCONSERVATION
650 _aABOUT RICS-RICS AWARDS
690 _aBUILT ENVIRONMENT-BUILDING MAINTENANCE AND REFURBISHMENT-BUILDING CONSERVATION
942 _n0
999 _c100922
_d100922